000 00668nam a2200157Ia 4500
008 100122s9999 xx 000 0 und d
082 _b70310
_a823
100 _aचेस जेम्स हॅडली
245 _aग्लेन हिल मर्डर अनु- मधुकर हुद्दार
260 _bगीता एजन्सीज
_c2006
300 _a172
630 _aग्लेन हिल मर्डर अनु- मधुकर हुद्दार
700 _aहुद्दार मधुकर
730 _aग्लेन हिल मर्डर अनु- मधुकर हुद्दार
942 _cBOOK
999 _c441277
_d441274